000 00269nam a2200121Ia 4500
005 20251222141810.0
008 251222s9999||||xx |||||||||||||| ||spa||
020 _a84-599-0063-0
082 _a838.93/K15M
100 _a"Kafka, Franz"
245 0 _aAmérica
942 _cLIB
999 _c6449
_d6449